[Event "Peterborough 4NCL Easter U2000 op"]
[Site "Peterborough"]
[Date "2024.04.01"]
[Round "7"]
[White "Tedd, Bernie"]
[Black "Sugden, Freddie"]
[Result "0-1"]
[WhiteElo "1707"]
[BlackElo "1715"]
[PlyCount "74"]
[EventDate "2024.03.29"]
[EventType "swiss"]
[EventRounds "7"]
[EventCountry "ENG"]
[SourceTitle "CB14_2024"]
[SourceDate "2024.04.01"]
[SourceVersion "1"]
[SourceVersionDate "2024.04.01"]
[SourceQuality "1"]

1. e4 e5 2. f4 exf4 3. Nf3 g5 4. Nc3 d6 5. g3 g4 6. Nh4 Be7 7. Nf5 Bxf5 8. exf5 f3 9. h3 Nc6 10. Bb5 Bf6 11. Bxc6+ bxc6 12. hxg4 Qe7+ 13. Kf1 Bxc3 14. bxc3 Qe4 15. Qe1 Nf6 16. g5 Qxe1+ 17. Kxe1 Ne4 18. Rf1 Nxg5 19. d3 h6 20. Kf2 Rb8 21. Rh1 Kd7 22. Rh4 c5 23. Ba3 Rbe8 24. Re1 Rxe1 25. Kxe1 Re8+ 26. Kf1 Re2 27. Bc1 Rxc2 28. Bf4 f6 29. Rxh6 Ke7 30. Bxg5 fxg5 31. Rh7+ Kf6 32. g4 Ke5 33. Re7+ Kf4 34. f6 Kg3 35. Re3 Rc1+ 36. Re1 Rxe1+ 37. Kxe1 Kg2 0-1

[Event "Peterborough 4NCL Easter U2000 op"]
[Site "Peterborough"]
[Date "2024.03.30"]
[Round "2"]
[White "Sengupta, Sohana"]
[Black "Tedd, Bernie"]
[Result "0-1"]
[WhiteElo "1594"]
[BlackElo "1707"]
[PlyCount "102"]
[EventDate "2024.03.29"]
[EventType "swiss"]
[EventRounds "7"]
[EventCountry "ENG"]
[SourceTitle "CB14_2024"]
[SourceDate "2024.04.01"]
[SourceVersion "1"]
[SourceVersionDate "2024.04.01"]
[SourceQuality "1"]

1. e4 d5 2. exd5 Qxd5 3. Nc3 Qa5 4. d4 Nf6 5. Nf3 Bf5 6. Bd2 e6 7. Bc4 Bb4 8. 0-0 0-0 9. a3 Bxc3 10. Bxc3 Qb6 11. Bb3 Rd8 12. Qe2 Qa6 13. Rfe1 Qxe2 14. Rxe2 Nc6 15. Rd1 Bg4 16. Re3 Nd5 17. Bxd5 Rxd5 18. h3 Bxf3 19. Rxf3 e5 20. Rfd3 exd4 21. Bxd4 Rad8 22. Bc3 Rxd3 23. Rxd3 Rxd3 24. cxd3 f6 25. Kf1 Kf7 26. Ke2 Ke6 27. Ke3 Kd5 28. Kf4 Nd4 29. Ke3 Nc2+ 30. Kd2 Na1 31. Ke3 Nb3 32. Kf4 Nc5 33. Ke3 Na4 34. Bb4 Nxb2 35. Bf8 g6 36. Bg7 Ke6 37. Bf8 Nd1+ 38. Ke2 Nc3+ 39. Kd2 Nb5 40. Bc5 b6 41. Bb4 a5 42. a4 axb4 43. axb5 Kd5 44. Kc2 Kc5 45. Kb3 Kxb5 46. g4 Kc5 47. f4 Kd4 48. Kxb4 Kxd3 49. h4 c5+ 50. Kb3 c4+ 51. Kb2 Kd4 0-1

[Event "Peterborough 4NCL Easter U2000 op"]
[Site "Peterborough"]
[Date "2024.03.29"]
[Round "1"]
[White "Tedd, Bernie"]
[Black "Krief, Tom"]
[Result "1/2-1/2"]
[WhiteElo "1707"]
[BlackElo "1713"]
[PlyCount "89"]
[EventDate "2024.03.29"]
[EventType "swiss"]
[EventRounds "7"]
[EventCountry "ENG"]
[SourceTitle "CB14_2024"]
[SourceDate "2024.04.01"]
[SourceVersion "1"]
[SourceVersionDate "2024.04.01"]
[SourceQuality "1"]

1. e4 d5 2. exd5 Qxd5 3. Nc3 Qa5 4. d4 c6 5. Nf3 Nf6 6. Bc4 Bg4 7. Bd2 Qc7 8. Qe2 e6 9. h3 Bh5 10. 0-0-0 Nbd7 11. g4 Bg6 12. Ne5 Nxe5 13. dxe5 Nd5 14. Nxd5 cxd5 15. Bb5+ Kd8 16. Be3 Rc8 17. Bd3 Bc5 18. Bxc5 Qxc5 19. Bxg6 hxg6 20. Rd3 Qc4 21. Kb1 Rc6 22. Qd2 Ra6 23. b3 Qc5 24. c4 Ra5 25. b4 Qb6 26. cxd5 Rxd5 27. Rxd5+ exd5 28. Qxd5+ Ke7 29. Qc5+ Qxc5 30. bxc5 Ke6 31. f4 Rd8 32. Rc1 Rd3 33. c6 bxc6 34. Rxc6+ Kd7 35. Ra6 Rxh3 36. Rxa7+ Ke6 37. Ra6+ Ke7 38. Ra7+ Ke6 39. Ra6+ Ke7 40. a4 Rf3 41. Ra7+ Ke6 42. Ra6+ Ke7 43. Ra7+ Ke6 44. Ra6+ Ke7 45. Ra7+ 1/2-1/2

[Event "Hastings Weekend op-B"]
[Site "Hastings"]
[Date "2024.01.06"]
[Round "1"]
[White "Finn, Elizabeth"]
[Black "Tedd, Bernie"]
[Result "1-0"]
[WhiteElo "1486"]
[BlackElo "1555"]
[PlyCount "49"]
[EventDate "2024.01.06"]
[EventType "swiss"]
[EventRounds "5"]
[EventCountry "ENG"]
[SourceTitle "CB02_2024"]
[SourceDate "2024.01.10"]
[SourceVersion "1"]
[SourceVersionDate "2024.01.10"]
[SourceQuality "1"]

1. d4 Nf6 2. Nf3 g6 3. Bg5 Bg7 4. e3 0-0 5. Bd3 c5 6. c3 Qa5 7. 0-0 d5 8. Nbd2 c4 9. Bc2 Nc6 10. Bxf6 Bxf6 11. e4 e6 12. e5 Bg7 13. Ng5 f6 14. Nxh7 fxe5 15. Nxf8 Bxf8 16. dxe5 Nxe5 17. Nf3 Ng4 18. Bxg6 Qc7 19. Qd4 Nh6 20. Qe5 Bd6 21. Qh5 Kg7 22. Rfe1 Bd7 23. Ne5 Rh8 24. Qg5 Be7 25. Qxe7+ 1-0

[Event "Hastings Weekend op-B"]
[Site "Hastings"]
[Date "2024.01.06"]
[Round "3"]
[White "Giles, Anthony"]
[Black "Tedd, Bernie"]
[Result "1/2-1/2"]
[WhiteElo "1781"]
[BlackElo "1555"]
[PlyCount "95"]
[EventDate "2024.01.06"]
[EventType "swiss"]
[EventRounds "5"]
[EventCountry "ENG"]
[SourceTitle "CB02_2024"]
[SourceDate "2024.01.10"]
[SourceVersion "1"]
[SourceVersionDate "2024.01.10"]
[SourceQuality "1"]

1. e4 d5 2. exd5 Qxd5 3. Nc3 Qa5 4. d4 Nf6 5. Bd2 Bg4 6. Nf3 Nc6 7. Bb5 0-0-0 8. Bxc6 bxc6 9. Qe2 Rxd4 10. Qe5 Qxe5+ 11. Nxe5 Kb7 12. Nxf7 Rg8 13. Be3 Rb4 14. 0-0 Nd5 15. Nd8+ Kc8 16. Nxc6 Nxe3 17. Nxb4 Nxf1 18. Kxf1 e6 19. Nc6 Kb7 20. Na5+ Kc8 21. Nc4 Bb4 22. Ne4 Bf5 23. f3 Rf8 24. Ke2 h6 25. c3 Be7 26. Rd1 g5 27. Na5 Bxe4 28. fxe4 Bc5 29. Rf1 Rxf1 30. Kxf1 Kd7 31. Nb3 Be3 32. Nd4 c5 33. Nc2 Bc1 34. b3 Bb2 35. c4 Kd6 36. Ke2 e5 37. Kf3 h5 38. Ne3 Ke6 39. Nd5 a5 40. a4 Bc1 41. h3 Bd2 42. Ke2 Bc1 43. Ne3 Bxe3 44. Kxe3 Kd6 45. Kf3 Ke6 46. Kg3 Kf6 47. Kf3 Ke6 48. Ke3 1/2-1/2

[Event "Hull 4NCL op-B"]
[Site "Hull"]
[Date "2023.09.10"]
[Round "5"]
[White "Tedd, Bernie"]
[Black "Ginestie, Martin"]
[Result "1-0"]
[WhiteElo "1948"]
[BlackElo "1512"]
[PlyCount "93"]
[EventDate "2023.09.08"]
[EventType "swiss"]
[EventRounds "5"]
[EventCountry "ENG"]
[SourceTitle "EXT 2024"]
[Source "ChessBase"]
[SourceDate "2023.10.10"]
[SourceVersion "1"]
[SourceVersionDate "2023.10.10"]
[SourceQuality "1"]

1. e4 Nf6 2. e5 Nd5 3. d4 d6 4. c4 Nb6 5. f4 Nc6 6. Be3 dxe5 7. fxe5 Bf5 8. Nf3 Nb4 9. Na3 e6 10. Be2 Be7 11. 0-0 0-0 12. Ne1 Rc8 13. Bf3 c6 14. Qb3 Qc7 15. c5 N6d5 16. Bf2 b5 17. Nac2 Nxc2 18. Nxc2 Bxc2 19. Qxc2 Rcd8 20. Rad1 f6 21. Bg3 f5 22. h4 Ne3 23. Qd2 Nxd1 24. Rxd1 Bxc5 25. Bf2 Be7 26. Qc2 c5 27. dxc5 Bxc5 28. Qxc5 Qxc5 29. Bxc5 Rxd1+ 30. Bxd1 Rc8 31. b4 Kf7 32. Be2 a6 33. Kf2 Rd8 34. Bd6 Rc8 35. Bc5 Rd8 36. Ke3 Rd7 37. Bf3 Rc7 38. Kd3 Rd7+ 39. Bd6 g6 40. Kd4 h6 41. Kc5 g5 42. hxg5 hxg5 43. Kb6 Kg6 44. Kxa6 g4 45. Bc6 Rh7 46. Kxb5 f4 47. Be4+ 1-0